Animals by Baby Picture - Statistics

General Stats
  • This quiz has been taken 39 times
  • The average score is 19 of 37
Answer Stats
Picture Answer % Correct
Mouse
89%
Chameleon
75%
Frog
75%
Cat
71%
Duck
71%
Hedgehog
71%
Penguin
71%
Bat
68%
Leopard
68%
Platypus
68%
Seal
68%
Ostrich
64%
Otter
64%
Sea lion
64%
Cheetah
61%
Chicken
61%
Moose
61%
Iguana
57%
Rat
57%
Goose
50%
Octopus
50%
Porcupine
50%
Robin
50%
Wolf
50%
Bear
43%
Rabbit
43%
Antelope
36%
Newt
36%
Raccoon
36%
Ferret
29%
Meerkat
29%
Mountain lion
25%
Squirrel
21%
Turkey
21%
Fox
18%
Kangaroo
18%
Owl
18%
No matching quizzes found
Score Distribution
Percent of People with Each Score
Percentile by Number Answered
Your Score History
You have not taken this quiz